La pesca ornamental en el sector Acacias - Castilla La Nueva / (Registro nro. 5901)

Detalles MARC
000 -CABECERA
Campo de control 00827nam a2200217 a 4500
005 - FECHA Y HORA DE LA ULTIMA TRANSACCION
Campo de control 20180803165323.0
008 - ELEMENTOS DE LONGITUD FIJA—INFORMACION GENERAL
Campo de control 160129s2006 ck a gr|||| 00| 0 spa d
040 ## - FUENTE DE CATALOGACIÓN
Agencia catalogadora original CO-BoIAVH
Agencia transcriptora CO-BoIAVH
041 0# - IDIOMA
Código de idioma para texto/pista de sonido o título separado Español
044 ## - PAÍS DE PUBLICACIÓN
País de publicación Colombia
082 04 - NUMERO DE CLASIFICACION DECIMAL DEWEY
Número de clasificación 639.31
Número del ítem M71p
100 1# - ASIENTO PRINCIPAL--NOMBRE PERSONAL
Nombre personal Mojica Benítez, Hermes Orlando
9 (RLIN) 18444
245 13 - MENCION DE TITULO
Título La pesca ornamental en el sector Acacias - Castilla La Nueva /
Mención de responsabilidad Corporación para el Desarrollo Sostenible de la Macarena, Fundación BAS
260 ## - PUBLICACION, DISTRIBUCION, ETC. (PIE DE IMPRENTA)
Lugar de publicación, distribución, etc. Villavicencio :
Nombre del editor, distribuidor, etc. Corporación para el Desarrollo Sostenible de la Macarena :
-- Fundación BAS,
Fecha de publicación, distribución, etc. 2006.
300 ## - DESCRIPCION FISICA
Extensión 34 páginas :
Otros detalles físicos Ilustraciones ;
Dimensiones 21 x 14 cm.
650 #6 - ASIENTO SECUNDARIO DE MATERIA - TERMINO TEMATICO
Término temático o nombre geográfico como elemento de entrada Ecosistemas acuáticos
9 (RLIN) 92352
650 #6 - ASIENTO SECUNDARIO DE MATERIA - TERMINO TEMATICO
Término temático o nombre geográfico como elemento de entrada Sistemas lenticos
9 (RLIN) 12062
650 #6 - ASIENTO SECUNDARIO DE MATERIA - TERMINO TEMATICO
Término temático o nombre geográfico como elemento de entrada Peces ornamentales
9 (RLIN) 55413
700 1# - ASIENTO SECUNDARIO - NOMBRE PERSONAL
Nombre personal Casas Reina, Harold
9 (RLIN) 55414
942 ## - ELEMENTOS ADICIONALES (KOHA)
Tipo de ítem Libro
Sistema de clasificación Dewey Decimal Classification
Existencias
Withdrawn status Lost status Sistema de Clasificación Damaged status No para préstamo Colección Inventariado Ubicación Permanente Ubicación actual Fecha de adquisición Fuente de Valor Valor Total Checkouts Número topográfico Inventario / Código de Barras Date last seen Ejemplar Price effective from Forma de adquisición Tipo de material
    Dewey Decimal Classification     General Inventariado 2017 Bogotá Bogotá 29/10/2007 Instituto 15000.00   LB-639.31 M71p 025395 04/12/2012 Ej.1 04/12/2012   Libro